Giáo trình tin học đại cương Dùng cho sinh viên các khối kỹ thuật điện tử tin học, sinh học, kinh tế, sư phạm tự nhiên

Na minha lista:
Detalhes bibliográficos
Autor principal: Nguyễn Văn Linh
Formato: Livro
Idioma:Undetermined
Publicado em: Tp. Cần Thơ Trường Đại học Cần Thơ 1991
Assuntos:
Tags: Adicionar Tag
Sem tags, seja o primeiro a adicionar uma tag!
Thư viện lưu trữ: Trung tâm Học liệu Trường Đại học Cần Thơ
LEADER 00690nam a2200181Ia 4500
001 CTU_45795
008 210402s9999 xx 000 0 und d
082 |a 004.07 
082 |b L312/1991 
100 |a Nguyễn Văn Linh 
245 0 |a Giáo trình tin học đại cương 
245 0 |b Dùng cho sinh viên các khối kỹ thuật điện tử tin học, sinh học, kinh tế, sư phạm tự nhiên 
245 0 |c Nguyễn Văn Linh 
260 |a Tp. Cần Thơ 
260 |b Trường Đại học Cần Thơ 
260 |c 1991 
650 |a programming languages ( electronic computers ) 
980 |a Trung tâm Học liệu Trường Đại học Cần Thơ